000 00243nam a2200097Ia 4500
001 851454
005 20250826174456.0
008 250824s9999 xx 000 0 und d
245 0 _aİKİ DÜNYA ARASINDA
_cCORCI ZEYDAN
260 _bPANAMA YAYINLARI
999 _c851454
_d851454